01798nam a22004457a 4500001001000000003000900010005001700019007000300036008003400039040005400073041001000127072002600137090001900163100001800182100001800200100001700218100002000235100001900255100002300274100001500297100001500312110007100327245026400398246019000662260004700852300001100899500007000910650002100980650001901001650002501020650001401045650001501059650002201074650002201096650002201118909003601140942000701176999001701183952015201200BR8500523BR-BrBNA20230928092046.0ta230509b bl.||||| |||| 00| 0 por d aBR-BrBNAbporcBiblioteca Nacional de Agricultura a(Por) aE15; F00b0230b/G514  0230 BR85005231 aBatista, G.T.1 aLima, A.M. de1 aJardin, A.T.1 aRudorff, B.F.T.1 aMendonca, F.J.1 aPinto, S. dos A.F.1 aChen, S.C.1 aDuarte, V.1 aInstituto de Pesquisas Espaciais, Sao Jose dos Campos, SP (Brasil)1 aDesenvolvimento e teste de um sistema de fiscalizacao das operacoes de credito agricola ao nivel de municipio e de propriedades agricolas utilizando tecnicas de sensoriamento remoto [Aracatuba, Guararapes, Sao Paulo, cana de acucar, Brasil]bINPE-3239-RPE/4621 a[Development and testing of remote sensing techniques for supporting the rural credit supervision system at county and farm levels [Aracatuba, Guararapes, Sao Paulo, sugarcane, Brazil]]3 aSao Jose dos Campos, SP (Brasil): c1984.  a103 p. a6 illus.; 19 tables; 2 Maps (scale 1:250,000)Summaries (Eng, Por) aCREDITO AGRICOLA aCANA DE ACUCAR aSENSORIAMENTO REMOTO aARACATUBA aGUARARAPES aFOTOINTERPRETACAO aAEROFOTOGRAMETRIA aPROPRIEDADE RURAL a202309bLuciac55dLucia Elande cBK c36936d36936 002AGRIS40708AGROBASEa41918b41918l0o 0230 BR8500523p0230 BR8500523r2023-09-25t01yBK10d2023-09-25ePortaria Interministerial nÂș 164/94